000
00337nam a2200145Ia 4500
008
150509s9999 xx 000 0 und d
082
_a
335 POL
100
_a
Kozlov, G. A.
245
_a
Political economy
260
_a
Moscow:
260
_b
Progress Publishers
260
_c
1977
300
_a
492p. 21cm
650
_a
SocialismEconomics
999
_c
5796
_d
5796